MESTSKÁ KNIŽNICA GIRALTOVCE  - online katalóg 

Čertova svadba (Record no. 23508)

000 -NÁVESTIE
fixed length control field 01029cam a2200325 4500
001 - EVIDENČNÉ ČÍSLO ZÁZNAMU - Kontrolné číslo
control field vtls012080289
005 - DÁTUM A ČAS POSLEDNEJ TRANSAKCIE
control field 20221109100939.0
008 - ÚDAJE S PEVNOU DĹŽKOU – VŠEOBECNÉ INFORMÁCIE
fixed length control field 211209s2021 xo gr 000 f slo
020 ## - MEDZINÁRODNÉ ŠTANDARDNÉ ČÍSLO KNIHY (ISBN)
Medzinárodné štandardné číslo knihy (ISBN) 9788056906361
Qualifying information (viazané)
040 ## - ZDROJ KATALOGIZÁCIE
Pôvodná katalogizujúca agentúra GAGK
Jazyk katalogizácie slo
Prepisujúca agentúra GAGK
Modifikujúca agentúra SNK
Konvencie popisu rda
041 0# - KÓD JAZYKA
Kód jazyka textu/zvukovej stopy alebo samostatných nápisov slo
044 ## - KÓD KRAJINY VYDAVATEĽA/PRODUCENTA
Kód krajiny MARC xo
Kód krajiny ISO SK
072 #7 - KÓD PREDMETOVEJ KATEGÓRIE
Kód predmetovej kategórie 821.162.4-3
Pododdiel kódu predmetovej kategórie Slovenská próza
Zdroj konspekt
080 ## - ČÍSLO MEDZINÁRODNÉHO DESATINNÉHO TRIEDENIA (MDT)
Číslo Medzinárodného desatinného triedenia (MDT) 821.162.4-31
Identifikátor vydania 2011
080 ## - ČÍSLO MEDZINÁRODNÉHO DESATINNÉHO TRIEDENIA (MDT)
Číslo Medzinárodného desatinného triedenia (MDT) 82-311.4
Identifikátor vydania 2011
100 1# - OSOBNÉ MENÁ – VŠEOBECNÉ INFORMÁCIE
Osobné meno Jaglová, Tatiana
Kód roly aut
-- 3751
245 10 - NÁZOV
Názov Čertova svadba
Údaj o zodpovednosti atď. Tatiana Jaglová
250 ## - ÚDAJ O PORADÍ VYDANIA
Údaj o poradí vydania Prvé vydanie
264 #1 - VYDAVATEĽSKÉ ÚDAJE, DISTRIBÚCIA ATĎ. - RDA
Miesto publikovania, distribúcie atď. Bratislava
Názov vydavateľa, distibútora atď. Marenčin PT
Dátum publikovania, distribúcie atď. 2021
300 ## - FYZICKÝ POPIS
Rozsah 286 strán
Rozmery 21 cm
336 ## - TYP OBSAHU
Typ obsahu - termín text
Typ obsahu - kód txt
Zdroj rdacontent
337 ## - TYP MÉDIA
Typ média - termín bez média
Typ média - kód n
Zdroj rdamedia
338 ## - TYP NOSIČA
Typ nosiča - termín zväzok
Typ nosiča - kód nc
Zdroj rdacarrier
500 ## - VŠEOBECNÁ POZNÁMKA
Formátovaná poznámka o obsahu Obsahuje biografické údaje o autorke na záložke prebalu knihy
655 #7 - INDEXAČNÝ TERMÍN – ŽÁNER/FORMA
Údaje o žánri/forme alebo termín, ktorý je prvok fazety slovenské romány
Zdroj termínu SNKPH
-- 1694
655 #7 - INDEXAČNÝ TERMÍN – ŽÁNER/FORMA
Údaje o žánri/forme alebo termín, ktorý je prvok fazety Slovak fiction
Zdroj termínu SNKPHeng
-- 1695
655 #7 - INDEXAČNÝ TERMÍN – ŽÁNER/FORMA
Údaje o žánri/forme alebo termín, ktorý je prvok fazety spoločenské romány
Zdroj termínu SNKPH
-- 12
655 #7 - INDEXAČNÝ TERMÍN – ŽÁNER/FORMA
Údaje o žánri/forme alebo termín, ktorý je prvok fazety Society novels
Zdroj termínu SNKPHeng
-- 3645
958 ## - Formálny deskriptor
Formálny deskriptor LX
Holdings
Stav stiahnutia (Blokovanie) (Withrawn status) Stav straty Zdroj klasifikácie pre skladovanie Stav poškodenia (Damaged status) Nie pre výpožičky (Not for loan) Spôsob nadobudnutia (Collection code) Trvalé umiestnenie Aktuálne umiestnenie Dátum nadobudnutia Náklady, bežná kúpna cena Inventárne číslo (prírastkové číslo) Celkom výpožičky Celkom prolongácie (predĺženia) Full call number Čiarový kód Dátum posledného výskytu Dátum poslednej výpôžičky Cena s účinnosťou od Typ jednotky Koha
          Kúpa Mestská knižnica Giraltovce Mestská knižnica Giraltovce 2022-11-09 12.00 21838 5 1 B10621 B10621 2025-09-05 2025-06-12 2022-11-09 Krásna literatúra pre dospelých

Powered by Koha